|
|
|
|
| LEADER |
00748nab a2200205 i 4500 |
| 001 |
publ30589 |
| 005 |
20241016112838.0 |
| 008 |
241016s2007 hu o 000 hun d |
| 022 |
|
|
|a 1218-926X
|
| 024 |
7 |
|
|a 1869100
|2 mtmt
|
| 040 |
|
|
|a SZTE Publicatio Repozitórium
|b hun
|
| 041 |
|
|
|a hun
|
| 100 |
1 |
|
|a Szendrei Kálmán
|
| 245 |
1 |
2 |
|a A gyógynövény-forgalmazás gyógyszerészi kiskátéja 2. szabály/ajánlás
|h [elektronikus dokumentum] /
|c Szendrei Kálmán
|
| 260 |
|
|
|c 2007
|
| 300 |
|
|
|a 16-17
|
| 490 |
0 |
|
|a GYÓGYSZERÉSZI HÍRLAP: A MAGYAR GYÓGYSZERÉSZI KAMARA LAPJA
|v 18 No. 12
|
| 650 |
|
4 |
|a Általános orvostudomány
|
| 700 |
0 |
1 |
|a Csupor Dezső
|e aut
|
| 856 |
4 |
0 |
|u http://publicatio.bibl.u-szeged.hu/30589/1/aok_klny_553_07.pdf
|z Dokumentum-elérés
|